| Tag |
First Indicator |
Second Indicator |
Subfields |
| LEADER |
00000cam a2200000 a 4500 |
| 001 |
in00000893813 |
| 005 |
20150923141738.0 |
| 007 |
hd afv---baca |
| 007 |
hz bfv---baaa |
| 008 |
830928s1671 miua a 00000 eng d |
| 035 |
|
|
|a (OCoLC)09959827
|
| 035 |
|
|
|9 AEL5241AM
|
| 037 |
|
|
|a CL0037000046
|b University Microfilms International
|
| 037 |
|
|
|b University Microfilms International, 300 N. Zeeb Rd., Ann Arbor, MI 48106
|
| 040 |
|
|
|a UMI
|c UMI
|d UtOrBLW
|
| 049 |
|
|
|a TXAI
|
| 090 |
|
|
|a PZ8.1.A1
|b V34 1671
|
| 099 |
|
|
|a film
|a B
|a 3609
|
| 130 |
0 |
|
|a Valentin et Orson (French romance).
|l English.
|
| 245 |
1 |
0 |
|a Valentine and Orson, the two sons of the Emperour of Greece.
|
| 250 |
|
|
|a Newly corrected and amended with new pictures lively expressing the hitory [i.e. history].
|
| 264 |
|
3 |
|a London :
|b Printed by G. Purslow for Tho. Passinger,
|c 1671.
|
| 300 |
|
|
|a 225 pages, 7 unnumbered pages :
|b illustrations
|
| 336 |
|
|
|a text
|b txt
|2 rdacontent
|
| 337 |
|
|
|a microform
|b h
|2 rdamedia
|
| 338 |
|
|
|a microfilm reel
|b hd
|2 rdacarrier
|
| 500 |
|
|
|a Reproduction of original in the Harvard University Library.
|
| 510 |
4 |
|
|a Wing
|c V28A.
|
| 533 |
|
|
|a Microfilm.
|b Ann Arbor, Mich. :
|c University Microfilms International,
|d 1983.
|e 1 microfilm reel ; 35 mm.
|f (Early English books, 1641-1700 ; 1370:4)
|
| 500 |
|
|
|a Microform.
|
| 830 |
|
0 |
|a Early English books, 1641-1700 ;
|v 1370:4.
|
| 999 |
|
|
|a MARS
|
| 999 |
f |
f |
|s 34b4b565-6614-39ab-9703-11313142befe
|i 27b3dfb9-a8d7-3a42-afb8-e00b4bae2515
|t 0
|
| 952 |
f |
f |
|p default
|a Texas A&M University
|b College Station
|c Sterling C. Evans Library
|d Evans: Microforms (3rd floor)
|t 0
|e film B 3609 1370:4
|h Other scheme
|i microform -- microfilm reel
|
| 998 |
f |
f |
|a film B 3609 1370:4
|t 0
|l Evans: Microforms (3rd floor)
|